000
00292nam a2200109Ia 4500
008
220204s9999 xx 000 0 und d
082
_a
005
_b
PAS
100
_a
Pascal, Blaise
245
0
_a
Provincial letters pensees scientific treatise
260
_a
Chicago
_b
William Benton
_c
1952
942
_c
BK
999
_c
36160
_d
36160